Egy folyóirat odisszeája
Elmentve itt :
| Szerző: | |
|---|---|
| Adatforrás: | Meister |
| Forrásdokumentuma: | Művelődés. - 10 sz., 1993, 7-8 p. |
| Nyelv: | magyar |
| Kulcsszavak: | sajtótörténet sajtó Művelődés |
| LEADER | 00373nab a2200145 i 4500 | ||
|---|---|---|---|
| 001 | bibPRO00000826 | ||
| 008 | 060524s1993 xx hun | ||
| 040 | |a Sz1 | ||
| 041 | |a hun | ||
| 100 | 1 | |a GÁBOR Dénes | |
| 245 | 1 | 4 | |a Egy folyóirat odisszeája |c GÁBOR Dénes |
| 695 | |a sajtótörténet | ||
| 695 | |a sajtó | ||
| 695 | |a Művelődés | ||
| 773 | 0 | |t Művelődés. - |g 10 sz., 1993, 7-8 p. | |